[Event "22MCRW_F"]
[Site "?"]
[Date "2010.??.??"]
[Round "?"]
[White "Laurenc, Petr"]
[Black "Kyhos, Alois"]
[Result "0-1"]
[WhiteElo "2349"]
[BlackElo "2352"]
[PlyCount "158"]
[EventDate "2010.??.??"]
[EventType "corr"]
[EventRounds "1"]
[SourceDate "2010.03.27"]

1. d4 Nf6 2. c4 e6 3. Nc3 Bb4 4. e3 O-O 5. Bd3 d5 6. Nf3 c5 7. O-O Nc6 8. a3
Bxc3 9. bxc3 dxc4 10. Bxc4 Qc7 11. Bb2 e5 12. h3 Bf5 13. Qe2 Rac8 14. Ba2 e4
15. Nd2 Rfd8 16. Rfd1 Qe7 17. Rac1 Be6 18. Bb1 Bf5 19. Nf1 Bg6 20. c4 h5 21.
Qe1 b6 22. Qc3 Re8 23. Ng3 cxd4 24. exd4 Na5 25. Ba2 Nd5 26. Qe1 Nf4 27. d5 Nd3
28. Qc3 Qf8 29. Rc2 Nb7 30. Ba1 Nbc5 31. Qd2 h4 32. Nf1 Qe7 33. Bd4 f5 34. Nh2
Bh5 35. Ra1 f4 36. f3 e3 37. Qe2 Nf2 38. Rcc1 Qd8 39. Rf1 Ncd3 40. Rad1 Bg6 41.
Ng4 Qd6 42. Kh2 Nxd1 43. Rxd1 Nc5 44. Bc3 Bf5 45. Kg1 Qg6 46. Rc1 Bd3 47. Qe1
Qg5 48. Kh2 Rcd8 49. Bb4 Rd7 50. Rd1 Bc2 51. Ra1 Rc7 52. Qe2 Qg6 53. Rc1 Bd3
54. Qe1 Bf5 55. Qe2 Nd3 56. Rd1 a5 57. d6 Rc6 58. c5+ Kh7 59. Bd5 Rcc8 60. c6
axb4 61. d7 bxa3 62. Ba2 Rf8 63. dxc8=Q Rxc8 64. Bb1 a2 65. Qxa2 Rxc6 66. Bxd3
Bxd3 67. Qa3 Re6 68. Qb4 Qf5 69. Qc3 Qb5 70. Ra1 Qc4 71. Qb2 Qc7 72. Qa3 Bf5
73. Qb4 Qd6 74. Qb2 Qc5 75. Re1 Kg8 76. Qb3 b5 77. Qd1 Re8 78. Nf2 Kh7 79. Re2
b4 0-1

[Event "22MCRW_F"]
[Site "?"]
[Date "2010.??.??"]
[Round "?"]
[White "Binas, Jindrich"]
[Black "Vozda, Jindrich"]
[Result "1/2-1/2"]
[WhiteElo "2197"]
[BlackElo "2471"]
[PlyCount "75"]
[EventDate "2010.??.??"]
[EventType "corr"]
[EventRounds "1"]
[SourceDate "2010.03.27"]

1. e4 e5 2. Nf3 Nc6 3. Bb5 a6 4. Ba4 Nf6 5. O-O Be7 6. Re1 b5 7. Bb3 O-O 8. h3
Bb7 9. d3 Re8 10. a4 d6 11. c3 Na5 12. Bc2 c5 13. Nbd2 Qc7 14. Nf1 b4 15. cxb4
cxb4 16. Bg5 h6 17. Bh4 d5 18. Ne3 dxe4 19. dxe4 Rad8 20. Qe2 Nh5 21. Bxe7 Nf4
22. Qf1 Qxe7 23. Nf5 Qf8 24. Rad1 b3 25. Bb1 f6 26. N3h4 Kh7 27. Bd3 g5 28. Nf3
Rd7 29. Be2 Rxd1 30. Rxd1 Rd8 31. Ng3 Rd6 32. Qe1 Rxd1 33. Qxd1 Qf7 34. Nh2 Nc6
35. Bh5 Qc7 36. Ng4 Nd4 37. Kh2 Kg7 38. Ne3 1/2-1/2

[Event "22MCRW_F"]
[Site "?"]
[Date "2010.??.??"]
[Round "?"]
[White "Novak, Vratislav"]
[Black "Valak, Alois"]
[Result "1/2-1/2"]
[WhiteElo "2337"]
[BlackElo "2439"]
[PlyCount "61"]
[EventDate "2010.??.??"]
[EventType "corr"]
[EventRounds "1"]
[SourceDate "2010.03.27"]

1. e4 e5 2. Nf3 Nc6 3. Bb5 a6 4. Ba4 Nf6 5. O-O Be7 6. Re1 b5 7. Bb3 d6 8. c3
O-O 9. h3 Bb7 10. d4 Re8 11. Nbd2 Bf8 12. d5 Nb8 13. Nf1 Nbd7 14. Ng3 Nc5 15.
Bc2 c6 16. b4 Ncd7 17. dxc6 Bxc6 18. Bb3 h6 19. Nh2 a5 20. a3 Bb7 21. Qd3 d5
22. Be3 dxe4 23. Qxb5 Ba6 24. Qc6 Qb8 25. Nxe4 Rc8 26. Nxf6+ Nxf6 27. Qb6 Qxb6
28. Bxb6 Rxc3 29. Bd1 axb4 30. axb4 Bxb4 31. Rxe5 1/2-1/2

[Event "22MCRW_F"]
[Site "?"]
[Date "2010.??.??"]
[Round "?"]
[White "Nejtek, Jiri"]
[Black "Machotka, Jaroslav"]
[Result "1/2-1/2"]
[WhiteElo "2449"]
[BlackElo "2200"]
[PlyCount "108"]
[EventDate "2010.??.??"]
[EventType "corr"]
[EventRounds "1"]
[SourceDate "2010.03.27"]

1. Nf3 Nf6 2. d4 g6 3. Bf4 Bg7 4. e3 O-O 5. h3 c5 6. c3 cxd4 7. exd4 d6 8. Bd3
Re8 9. O-O Nc6 10. Bc2 Qb6 11. Bb3 Na5 12. Re1 Bd7 13. Bg5 Bc6 14. Nbd2 h6 15.
Bxf6 Bxf6 16. Ne4 Bg7 17. d5 Nxb3 18. axb3 Bd7 19. Ned2 a5 20. Re4 f5 21. Re2
a4 22. Ra3 Qc5 23. Nf1 b5 24. b4 Qb6 25. Qd2 e5 26. dxe6 Bxe6 27. Ne3 Bf7 28.
Ra1 Re4 29. Nc2 Kh7 30. Rxe4 fxe4 31. Nfd4 Bc4 32. Ne3 Bxd4 33. cxd4 d5 34.
Nxc4 bxc4 35. Qf4 Qb7 36. Ra3 Qd7 37. f3 Qg7 38. Qd2 exf3 39. Rxf3 Rb8 40. Re3
Rb7 41. Re5 Qd7 42. Qe1 h5 43. Re6 Qg7 44. Qe3 Qh6 45. Qf2 Qc1+ 46. Re1 Qg5 47.
Ra1 Ra7 48. Rxa4 Qc1+ 49. Kh2 Rxa4 50. Qf7+ Kh6 51. Qf8+ Kg5 52. h4+ Kxh4 53.
Qf6+ Kg4 54. Qe6+ Kg5 1/2-1/2

[Event "22MCRW_F"]
[Site "?"]
[Date "2010.??.??"]
[Round "?"]
[White "Bucek, Jiri"]
[Black "Sykora, Josef"]
[Result "1/2-1/2"]
[WhiteElo "2412"]
[BlackElo "2351"]
[PlyCount "51"]
[EventDate "2010.??.??"]
[EventType "corr"]
[EventRounds "1"]
[SourceDate "2010.03.27"]

1. e4 c6 2. d4 d5 3. exd5 cxd5 4. c3 Nf6 5. Bf4 Nc6 6. Nf3 g6 7. Na3 a6 8. Bd3
Bf5 9. Bxf5 gxf5 10. Nc2 Rg8 11. Ne5 e6 12. Nd3 Bd6 13. Qe2 Bxf4 14. Nxf4 Qc7
15. g3 O-O-O 16. O-O-O Ne4 17. f3 Nd6 18. Kb1 Kb8 19. Rhg1 Na5 20. h3 Nac4 21.
Nb4 a5 22. Nbd3 a4 23. Rc1 Rc8 24. Ka1 b6 25. g4 Kb7 26. g5 1/2-1/2

[Event "22MCRW_F"]
[Site "?"]
[Date "2010.??.??"]
[Round "?"]
[White "Pravec, Ladislav"]
[Black "Javorsky, Jan"]
[Result "1-0"]
[WhiteElo "2335"]
[BlackElo "2320"]
[PlyCount "129"]
[EventDate "2010.??.??"]
[EventType "corr"]
[EventRounds "1"]
[SourceDate "2010.03.27"]

1. d4 Nf6 2. c4 g6 3. Nc3 Bg7 4. e4 d6 5. Be2 O-O 6. Nf3 e5 7. O-O Nc6 8. d5
Ne7 9. Ne1 Nd7 10. Nd3 f5 11. Bd2 Nf6 12. f3 f4 13. c5 g5 14. cxd6 cxd6 15. Rc1
Ng6 16. Nb5 Rf7 17. Qc2 Ne8 18. a4 h5 19. Nf2 Bf8 20. Qb3 Bd7 21. Rc2 Nh4 22.
h3 a6 23. Na3 Nf6 24. Rfc1 Rg7 25. Rc7 Rb8 26. Be1 Be8 27. Rxg7+ Kxg7 28. Nc4
b6 29. Nd3 a5 30. Bf2 Nd7 31. Qa3 Ng6 32. b4 Nf6 33. bxa5 bxa5 34. Be1 Ra8 35.
Nf2 Kh7 36. Bd1 Nd7 37. Nd3 Be7 38. Qb2 Kh6 39. Kh2 Kg7 40. Qc2 Bf8 41. Rb1 Nf6
42. Qc3 g4 43. Nxa5 Bd7 44. Rb7 Kh6 45. Nc6 Qc8 46. Rb6 Bg7 47. Qb4 Bf8 48. Rb8
Rxb8 49. Qxb8 g3+ 50. Kg1 Qa6 51. Qb5 Qc8 52. a5 Bxh3 53. Qb8 Ne8 54. gxh3 Qxh3
55. Qb2 Nc7 56. Qg2 Qd7 57. Bd2 h4 58. Be2 Bg7 59. Bf1 Nb5 60. a6 Nd4 61. Ndb4
Bf6 62. Nxd4 exd4 63. Nc6 d3 64. Kh1 Qc8 65. Bxd3 1-0

[Event "22MCRW_F"]
[Site "?"]
[Date "2010.??.??"]
[Round "?"]
[White "Hybl, Vladislav"]
[Black "Nedoma, Petr"]
[Result "1/2-1/2"]
[WhiteElo "2342"]
[BlackElo "2395"]
[PlyCount "80"]
[EventDate "2010.??.??"]
[EventType "corr"]
[EventRounds "1"]
[SourceDate "2010.03.27"]

1. e4 c5 2. Nf3 e6 3. d4 cxd4 4. Nxd4 Nf6 5. Nc3 d6 6. g4 h6 7. h4 e5 8. Nf5
Be6 9. g5 Nxe4 10. Nxg7+ Bxg7 11. Nxe4 d5 12. gxh6 Bxh6 13. Bxh6 Rxh6 14. Qd2
Rh8 15. O-O-O Nc6 16. Nc5 Qe7 17. Nxe6 fxe6 18. Bb5 Rxh4 19. Qc3 Kd7 20. Qxe5
Rxh1 21. Rxh1 Rg8 22. a4 Qg5+ 23. Qxg5 Rxg5 24. Rh7+ Kc8 25. Bxc6 bxc6 26. Rxa7
Rf5 27. Re7 e5 28. a5 e4 29. a6 Kb8 30. Rb7+ Ka8 31. Rc7 d4 32. Re7 Rf4 33. b3
Kb8 34. Kd1 d3 35. cxd3 exd3 36. Rb7+ Ka8 37. Kd2 Rxf2+ 38. Kxd3 Rb2 39. Kc4
Ra2 40. Rc7 Rxa6 1/2-1/2

[Event "22MCRW_F"]
[Site "?"]
[Date "2010.??.??"]
[Round "?"]
[White "Schwarz, Jan"]
[Black "Hybl, Vladislav"]
[Result "1/2-1/2"]
[WhiteElo "2312"]
[BlackElo "2342"]
[PlyCount "59"]
[EventDate "2010.??.??"]
[EventType "corr"]
[EventRounds "1"]
[SourceDate "2010.03.27"]

1. e4 e6 2. d4 d5 3. Nc3 Nf6 4. Bg5 dxe4 5. Nxe4 Be7 6. Bxf6 Bxf6 7. Nf3 O-O 8.
Qd2 Nd7 9. O-O-O b6 10. Bc4 Bb7 11. Rhe1 Bd5 12. Bxd5 exd5 13. Ng3 g6 14. Qf4
Rc8 15. Kb1 c5 16. h4 cxd4 17. Nxd4 h5 18. Nxh5 gxh5 19. Re3 Rc4 20. Rg3+ Bg7
21. Rxg7+ Kxg7 22. Nf5+ Kg8 23. Qg3+ Rg4 24. Nh6+ Kh8 25. Nxg4 hxg4 26. Rxd5 f5
27. Qc3+ Kg8 28. Qc4 Rf7 29. Rxf5 Ne5 30. Rg5+ 1/2-1/2

[Event "22MCRW_F"]
[Site "?"]
[Date "2010.??.??"]
[Round "?"]
[White "Javorsky, Jan"]
[Black "Kuta, Jiri"]
[Result "1/2-1/2"]
[WhiteElo "2320"]
[BlackElo "2410"]
[PlyCount "104"]
[EventDate "2010.??.??"]
[EventType "corr"]
[EventRounds "1"]
[SourceDate "2010.03.27"]

1. d4 Nf6 2. c4 e6 3. Nf3 d5 4. Nc3 c6 5. e3 Nbd7 6. Bd3 dxc4 7. Bxc4 b5 8. Bd3
Bb7 9. e4 b4 10. Na4 c5 11. e5 Nd5 12. O-O cxd4 13. Re1 g6 14. Bg5 Qa5 15. Nd2
Rc8 16. Nc4 Rxc4 17. Bxc4 Bg7 18. Rc1 Nxe5 19. Bf1 Nd7 20. a3 O-O 21. Bd2 Rb8
22. b3 Ba6 23. Bc4 Ne5 24. Bxd5 Qxd5 25. Rc5 Qd6 26. Bf4 f6 27. Re4 Rd8 28.
axb4 Bb7 29. Re1 Bf8 30. Nb2 Qd7 31. Bxe5 fxe5 32. Rcxe5 Bxb4 33. R1e2 Qc6 34.
R2e4 Qc3 35. Nd3 Bxe4 36. Rxe4 Bf8 37. h4 Rd6 38. h5 Bg7 39. b4 Qc4 40. Nc5 Qd5
41. Qa4 Rc6 42. Rg4 d3 43. Rg3 d2 44. Rd3 Qxd3 45. Nxd3 Rc1+ 46. Kh2 d1=Q 47.
Qe8+ Bf8 48. Qxe6+ Kh8 49. Qe5+ Kg8 50. Qe6+ Kh8 51. Qe5+ Kg8 52. Qe6+ Kh8
1/2-1/2

[Event "22MCRW_F"]
[Site "?"]
[Date "2010.??.??"]
[Round "?"]
[White "Sykora, Josef"]
[Black "Pravec, Ladislav"]
[Result "1-0"]
[WhiteElo "2351"]
[BlackElo "2335"]
[PlyCount "93"]
[EventDate "2010.??.??"]
[EventType "corr"]
[EventRounds "1"]
[SourceDate "2010.03.27"]

1. d4 Nf6 2. Nf3 g6 3. g3 Bg7 4. Bg2 O-O 5. c4 d5 6. cxd5 Nxd5 7. O-O Nb6 8.
Nc3 Nc6 9. d5 Na5 10. e4 c6 11. Bg5 h6 12. Bf4 Nac4 13. b3 g5 14. bxc4 Bxc3 15.
Rc1 Bb2 16. Rc2 gxf4 17. Rxb2 fxg3 18. hxg3 Nxc4 19. Rb4 cxd5 20. exd5 Nd6 21.
Re1 f5 22. Ne5 Rf6 23. Qb3 a5 24. Rf4 Bd7 25. Nc6 Qf8 26. Rxe7 Rf7 27. Rxf7
Qxf7 28. Nd4 Qe7 29. Qb6 a4 30. Ne6 Re8 31. Nc5 Rc8 32. Bh3 a3 33. Kh2 Rf8 34.
Nxb7 Nxb7 35. Qxb7 Qd6 36. Rb4 Bc8 37. Qb6 Qxb6 38. Rxb6 Kg7 39. Rb3 Ba6 40.
Rxa3 Bc4 41. Ra5 Kf6 42. a4 Rc8 43. Bg2 Be2 44. d6 Rd8 45. Rd5 Ke6 46. f4 Ba6
47. d7 1-0

[Event "22MCRW_F"]
[Site "?"]
[Date "2010.??.??"]
[Round "?"]
[White "Machotka, Jaroslav"]
[Black "Bucek, Jiri"]
[Result "1/2-1/2"]
[WhiteElo "2200"]
[BlackElo "2412"]
[PlyCount "78"]
[EventDate "2010.??.??"]
[EventType "corr"]
[EventRounds "1"]
[SourceDate "2010.03.27"]

1. e4 e5 2. Nf3 Nc6 3. Bb5 a6 4. Ba4 Nf6 5. O-O Be7 6. Re1 b5 7. Bb3 O-O 8. d3
Bb7 9. a4 d6 10. Nc3 Na5 11. Ba2 b4 12. Ne2 Rb8 13. Ng3 c5 14. Bd2 Bc8 15. h3
Qc7 16. Nh4 g6 17. Nf3 Re8 18. Qe2 Bd7 19. Nf1 Nh5 20. Ne3 Nf4 21. Qd1 Qc8 22.
Nh2 Be6 23. Bxe6 Qxe6 24. h4 Nc6 25. g3 Nh5 26. Nd5 Rb7 27. c4 bxc3 28. bxc3
Kg7 29. Qc2 Nf6 30. Nxf6 Bxf6 31. Rab1 Rbb8 32. Nf1 d5 33. Ne3 d4 34. Nd5 Rec8
35. Nxf6 Qxf6 36. Kg2 Qd6 37. h5 gxh5 38. Rh1 dxc3 39. Rxb8 Rxb8 1/2-1/2

[Event "22MCRW_F"]
[Site "?"]
[Date "2010.??.??"]
[Round "?"]
[White "Valak, Alois"]
[Black "Nejtek, Jiri"]
[Result "1/2-1/2"]
[WhiteElo "2439"]
[BlackElo "2449"]
[PlyCount "51"]
[EventDate "2010.??.??"]
[EventType "corr"]
[EventRounds "1"]
[SourceDate "2010.03.27"]

1. e4 e5 2. Nf3 Nc6 3. Bb5 Nf6 4. O-O Nxe4 5. d4 Nd6 6. Bxc6 dxc6 7. dxe5 Nf5
8. Qxd8+ Kxd8 9. Nc3 Ke8 10. h3 Be7 11. Rd1 Nh4 12. Nxh4 Bxh4 13. Ne2 a5 14.
Nd4 Bd7 15. Bf4 c5 16. e6 fxe6 17. Nf3 Bf6 18. Bxc7 Ba4 19. Re1 Ke7 20. Rad1
Ra6 21. Bf4 Rd8 22. Rxd8 Kxd8 23. c3 Bc2 24. Rc1 Be4 25. Ne5 b5 26. c4 1/2-1/2

[Event "22MCRW_F"]
[Site "?"]
[Date "2010.??.??"]
[Round "?"]
[White "Vozda, Jindrich"]
[Black "Novak, Vratislav"]
[Result "1-0"]
[WhiteElo "2471"]
[BlackElo "2337"]
[PlyCount "127"]
[EventDate "2010.??.??"]
[EventType "corr"]
[EventRounds "1"]
[SourceDate "2010.03.27"]

1. e4 c5 2. Nf3 Nc6 3. d4 cxd4 4. Nxd4 Nf6 5. Nc3 d6 6. Bg5 e6 7. Qd2 a6 8.
O-O-O h6 9. Nxc6 bxc6 10. Bf4 d5 11. Qe3 Bb4 12. a3 Ba5 13. exd5 cxd5 14. Be2
O-O 15. Qg3 Kh8 16. Be5 Ne8 17. f4 Bc7 18. Rhf1 Nf6 19. Bd4 Bb6 20. Qe3 Bxd4
21. Rxd4 Qb6 22. g4 Rb8 23. Na4 Qc6 24. g5 Ng8 25. Bd3 a5 26. f5 exf5 27. Bxf5
Ba6 28. gxh6 Nxh6 29. Bd3 Rfc8 30. Rh4 Bxd3 31. Qxd3 Rc7 32. Rd1 Kg8 33. Rd4
Rcb7 34. Qf3 Rb5 35. h4 Kh7 36. R1d2 f6 37. Qd3+ Kh8 38. Kb1 Nf7 39. Rxd5 Ne5
40. Qe4 Re8 41. R2d4 Rxd5 42. Rxd5 Kg8 43. Nc3 Nc4 44. Qd4 Rb8 45. Kc1 Re8 46.
Rd8 Rxd8 47. Qxd8+ Kf7 48. b3 Qd6 49. Qxd6 Nxd6 50. Ne2 Ne4 51. b4 axb4 52.
axb4 g5 53. h5 f5 54. b5 f4 55. Nd4 g4 56. b6 f3 57. b7 f2 58. b8=Q f1=Q+ 59.
Kb2 Qf6 60. Qb7+ Qe7 61. Qd5+ Kf8 62. Ne6+ Kf7 63. Nc5+ Kg7 64. Qxe4 1-0

[Event "22MCRW_F"]
[Site "?"]
[Date "2010.??.??"]
[Round "?"]
[White "Hladecek, Miloslav"]
[Black "Laurenc, Petr"]
[Result "1-0"]
[WhiteElo "2416"]
[BlackElo "2349"]
[PlyCount "89"]
[EventDate "2010.??.??"]
[EventType "corr"]
[EventRounds "1"]
[SourceDate "2010.03.27"]

1. d4 d5 2. Nf3 Nf6 3. c4 e6 4. Nc3 c6 5. e3 Nbd7 6. Be2 Bd6 7. O-O O-O 8. b3
b6 9. Bb2 Bb7 10. Qc2 Qe7 11. h3 Rfe8 12. Rfe1 Rad8 13. Rad1 c5 14. Nd2 Bb8 15.
Bf3 Rc8 16. Rc1 Qd6 17. g3 h5 18. dxc5 Qxc5 19. cxd5 exd5 20. Qf5 Qd6 21. Ne2
h4 22. Qg5 hxg3 23. Nxg3 Qf8 24. Nf5 Be5 25. Rxc8 Bxc8 26. Ba3 Nc5 27. Nh6+ Kh7
28. Ng4 Nxg4 29. hxg4 Qd6 30. Rd1 Qe6 31. Qh4+ Kg8 32. Kg2 g6 33. Rh1 a5 34. b4
axb4 35. Bxb4 Qd6 36. Nb3 Ba6 37. Nd4 Bc4 38. a4 Kf8 39. Bd1 Bg7 40. Bc2 Bf6
41. Qh7 Bg7 42. Bc3 Bxd4 43. Bxd4 Ke7 44. Bf5 Rf8 45. Bg7 1-0

[Event "22MCRW_F"]
[Site "?"]
[Date "2010.??.??"]
[Round "?"]
[White "Nejtek, Jiri"]
[Black "Vozda, Jindrich"]
[Result "1/2-1/2"]
[WhiteElo "2449"]
[BlackElo "2471"]
[PlyCount "62"]
[EventDate "2010.??.??"]
[EventType "corr"]
[EventRounds "1"]
[SourceDate "2010.03.27"]

1. Nf3 Nf6 2. d4 b6 3. c4 Bb7 4. g3 e6 5. Bg2 Be7 6. Nc3 O-O 7. O-O Ne4 8. Qc2
Nxc3 9. Qxc3 c5 10. Rd1 cxd4 11. Nxd4 Bxg2 12. Kxg2 Qc8 13. b3 Nc6 14. Bb2 Nxd4
15. Qxd4 Qc6+ 16. f3 Bf6 17. Qd2 Bxb2 18. Qxb2 d6 19. a4 Rad8 20. Rd3 Rd7 21.
Qd2 Rfd8 22. Rd1 Qc5 23. e4 f6 24. Qf2 Kf7 25. f4 Qc7 26. R1d2 Kg8 27. Qf3 Qc5
28. Re2 Qc7 29. Qg4 Re8 30. Red2 Qc6 31. Qf3 Qc5 1/2-1/2

[Event "22MCRW_F"]
[Site "?"]
[Date "2010.??.??"]
[Round "?"]
[White "Bucek, Jiri"]
[Black "Valak, Alois"]
[Result "1-0"]
[WhiteElo "2412"]
[BlackElo "2439"]
[PlyCount "111"]
[EventDate "2010.??.??"]
[EventType "corr"]
[EventRounds "1"]
[SourceDate "2010.03.27"]

1. d4 Nf6 2. c4 g6 3. Nf3 Bg7 4. Nc3 d5 5. cxd5 Nxd5 6. e4 Nxc3 7. bxc3 c5 8.
Rb1 O-O 9. Be2 cxd4 10. cxd4 Qa5+ 11. Bd2 Qxa2 12. O-O b6 13. Qc1 Bb7 14. Bc4
Qa4 15. Bb5 Qa2 16. Re1 Rc8 17. Qd1 e6 18. h4 h5 19. Re3 Qc2 20. Qe1 Qc7 21. d5
Na6 22. dxe6 fxe6 23. Ng5 Nc5 24. Bb4 Bf6 25. Rg3 Be5 26. Rf3 Bh2+ 27. Kh1 Bf4
28. Bxc5 Bxg5 29. Ba3 Bf4 30. Qb4 Rd8 31. Bc4 Re8 32. Re1 Rad8 33. Qb3 Bc8 34.
e5 Rd4 35. Bb5 Red8 36. Kg1 Bxe5 37. Rc3 Rd1 38. Rxc7 Rxe1+ 39. Bf1 Bxc7 40.
Qc2 Ba6 41. Qxg6+ Kh8 42. Qxh5+ Kg8 43. Qg5+ Kh8 44. Bb2+ e5 45. Qh6+ Kg8 46.
Kh2 Bxf1 47. Qg6+ Kh8 48. Ba3 e4+ 49. g3 Re2 50. Qf6+ Kh7 51. Qf7+ Kh8 52. Be7
Rd6 53. Qf8+ Kh7 54. Bxd6 Bxd6 55. Qxd6 Rxf2+ 56. Kg1 1-0

[Event "22MCRW_F"]
[Site "?"]
[Date "2010.??.??"]
[Round "?"]
[White "Pravec, Ladislav"]
[Black "Machotka, Jaroslav"]
[Result "1/2-1/2"]
[WhiteElo "2335"]
[BlackElo "2200"]
[PlyCount "57"]
[EventDate "2010.??.??"]
[EventType "corr"]
[EventRounds "1"]
[SourceDate "2010.03.27"]

1. d4 Nf6 2. c4 g6 3. Nc3 Bg7 4. e4 d6 5. Be2 O-O 6. Nf3 c5 7. d5 Bg4 8. O-O
Nbd7 9. h3 Bxf3 10. Bxf3 a6 11. a4 Qc7 12. Be3 e6 13. Qc2 Rfe8 14. a5 Re7 15.
Ra4 Rae8 16. Rfa1 Ne5 17. Be2 Ned7 18. R1a3 Qc8 19. Bg5 h6 20. Be3 Kh7 21. Rb3
Qc7 22. dxe6 Rxe6 23. f3 Ne5 24. Nd5 Qc8 25. Qd2 Nc6 26. Ra1 Nxd5 27. cxd5 Nd4
28. Rb6 R6e7 29. Bf4 1/2-1/2

[Event "22MCRW_F"]
[Site "?"]
[Date "2010.??.??"]
[Round "?"]
[White "Kuta, Jiri"]
[Black "Sykora, Josef"]
[Result "1/2-1/2"]
[WhiteElo "2410"]
[BlackElo "2351"]
[PlyCount "63"]
[EventDate "2010.??.??"]
[EventType "corr"]
[EventRounds "1"]
[SourceDate "2010.03.27"]

1. e4 c6 2. d4 d5 3. e5 c5 4. dxc5 e6 5. Be3 Nd7 6. Bb5 Qc7 7. Nf3 Bxc5 8. Bxc5
Qxc5 9. Nc3 Ne7 10. O-O O-O 11. Re1 h6 12. Qd2 Qb6 13. a3 a6 14. Bf1 Rd8 15.
Ne2 Nc5 16. Ned4 Bd7 17. Rab1 Rac8 18. Qe3 Na4 19. c3 Nc5 20. g3 Qc7 21. Rbc1
b5 22. Nd2 Qb8 23. Be2 Na4 24. Rc2 Qb6 25. N2b3 Qc7 26. Bd3 Nb6 27. Qe2 Nc4 28.
Nd2 Qb6 29. N2f3 a5 30. Kg2 Rc7 31. Ra1 Nc6 32. Nxc6 1/2-1/2

[Event "22MCRW_F"]
[Site "?"]
[Date "2010.??.??"]
[Round "?"]
[White "Hybl, Vladislav"]
[Black "Javorsky, Jan"]
[Result "1-0"]
[WhiteElo "2342"]
[BlackElo "2320"]
[PlyCount "135"]
[EventDate "2010.??.??"]
[EventType "corr"]
[EventRounds "1"]
[SourceDate "2010.03.27"]

1. e4 e6 2. d4 d5 3. Nd2 c5 4. exd5 exd5 5. Ngf3 Nf6 6. Bb5+ Bd7 7. Bxd7+ Nbxd7
8. O-O Be7 9. dxc5 Nxc5 10. Nb3 Nce4 11. Nfd4 O-O 12. Nf5 Re8 13. Nxe7+ Qxe7
14. Be3 Qc7 15. f3 Nd6 16. Bf2 Rac8 17. Nd4 Nc4 18. Qc1 h6 19. b3 Ne5 20. Qd2
Nc6 21. Nb5 Qd8 22. Rad1 a6 23. Nc3 Qd6 24. Ne2 Re7 25. c3 Rce8 26. Rfe1 b5 27.
Nf4 Rxe1+ 28. Bxe1 g5 29. Ne2 Qe5 30. Ng3 d4 31. cxd4 Nxd4 32. Bf2 Ne2+ 33.
Nxe2 Qxe2 34. h4 Qxd2 35. Rxd2 Re6 36. g4 gxh4 37. Bxh4 Kg7 38. Kf2 Kg6 39.
Bxf6 Rxf6 40. Rd5 Rc6 41. Ke3 Re6+ 42. Kd4 f6 43. a4 bxa4 44. bxa4 Rb6 45. Ra5
Rd6+ 46. Ke3 Rb6 47. Kf2 Re6 48. Kg3 Rc6 49. Kh4 Rc4 50. Rxa6 h5 51. Ra8 hxg4
52. Rg8+ Kf5 53. Rxg4 Rc1 54. Kg3 Rg1+ 55. Kf2 Ra1 56. Rb4 Ke5 57. f4+ Kd5 58.
Kg3 f5 59. Rb5+ Ke6 60. a5 Ra3+ 61. Kh4 Ra2 62. Rb6+ Kf7 63. a6 Ra5 64. Kg5 Ke8
65. Rf6 Ra3 66. Kxf5 Kd8 67. Re6 Ra4 68. Kg5 1-0

[Event "22MCRW_F"]
[Site "?"]
[Date "2010.??.??"]
[Round "?"]
[White "Nedoma, Petr"]
[Black "Schwarz, Jan"]
[Result "1/2-1/2"]
[WhiteElo "2395"]
[BlackElo "2312"]
[PlyCount "75"]
[EventDate "2010.??.??"]
[EventType "corr"]
[EventRounds "1"]
[SourceDate "2010.03.27"]

1. e4 e5 2. Nf3 Nc6 3. Bb5 a6 4. Ba4 Nf6 5. O-O Be7 6. Re1 b5 7. Bb3 O-O 8. c3
d5 9. exd5 Nxd5 10. Nxe5 Nxe5 11. Rxe5 c6 12. d4 Bd6 13. Re1 Qh4 14. g3 Qh3 15.
Bxd5 cxd5 16. Qf3 Bf5 17. Qxd5 Rae8 18. Bd2 Bd3 19. Na3 Bxa3 20. bxa3 Bc4 21.
Qf3 Qd7 22. a4 Rxe1+ 23. Rxe1 Bxa2 24. axb5 Bd5 25. Qf4 axb5 26. g4 h5 27. gxh5
Qh3 28. Qg3 Qxh5 29. h3 f6 30. Kh2 Ra8 31. Rg1 Qf7 32. Qd6 Kh7 33. Qf4 Kg8 34.
Qg3 Kh8 35. Qh4+ Kg8 36. Bh6 Qc7+ 37. Bf4 Qf7 38. Qg3 1/2-1/2

[Event "22MCRW_F"]
[Site "?"]
[Date "2010.??.??"]
[Round "?"]
[White "Javorsky, Jan"]
[Black "Nedoma, Petr"]
[Result "0-1"]
[WhiteElo "2320"]
[BlackElo "2395"]
[PlyCount "154"]
[EventDate "2010.??.??"]
[EventType "corr"]
[EventRounds "1"]
[SourceDate "2010.03.27"]

1. d4 Nf6 2. c4 e6 3. Nf3 d5 4. Nc3 c6 5. Qd3 Be7 6. e4 dxc4 7. Qxc4 b5 8. Qd3
b4 9. Na4 Qa5 10. b3 Ba6 11. Qc2 Bxf1 12. Kxf1 Nbd7 13. Bg5 Nxe4 14. Qxc6 Qd5
15. Qxd5 exd5 16. Be3 O-O-O 17. Rc1+ Kb7 18. Ke2 Rhe8 19. Kd3 Bd6 20. Rhe1 Rc8
21. g3 h6 22. Nh4 g6 23. Ng2 Ng5 24. Rxc8 Rxc8 25. Bf4 Bf8 26. Bxg5 hxg5 27.
Ne3 Nf6 28. f3 Bd6 29. Rf1 a5 30. Rg1 Ka6 31. Kd2 Kb5 32. Re1 Bf8 33. Kd3 Bd6
34. Rf1 Rh8 35. Rf2 Rc8 36. Rd2 Rc1 37. Nb2 Bf8 38. Rd1 Rc3+ 39. Kd2 g4 40. Na4
Rc6 41. Nxg4 Nxg4 42. fxg4 Bh6+ 43. Kd3 Rf6 44. Ke2 Re6+ 45. Kf2 Rf6+ 46. Kg2
Be3 47. Rf1 Rxf1 48. Kxf1 Bxd4 49. h4 Bg7 50. Ke2 Kc6 51. Ke3 Kd6 52. h5 Bh6+
53. Kf3 Bc1 54. Ke2 Kc6 55. Kd1 Bh6 56. Nb2 Kc5 57. Nd3+ Kd4 58. Ke2 Kc3 59.
Ne5 d4 60. Nd3 Kc2 61. Nc5 Bf8 62. Nd3 Kb1 63. Kd1 Bh6 64. Nc5 Kxa2 65. Kc2 Ka3
66. Kd3 Bg7 67. Kc4 Kb2 68. Kd3 Kc1 69. Na4 Kb1 70. Kc4 Kc2 71. Nc5 g5 72. Nd3
Kd2 73. Nc5 Ke2 74. Nd3 Ke3 75. Nc1 Kf3 76. h6 Bxh6 77. Kxd4 Bg7+ 0-1

[Event "22MCRW_F"]
[Site "?"]
[Date "2010.??.??"]
[Round "?"]
[White "Sykora, Josef"]
[Black "Hybl, Vladislav"]
[Result "1/2-1/2"]
[WhiteElo "2351"]
[BlackElo "2342"]
[PlyCount "63"]
[EventDate "2010.??.??"]
[EventType "corr"]
[EventRounds "1"]
[SourceDate "2010.03.27"]

1. d4 Nf6 2. Nf3 d5 3. c4 c6 4. e3 e6 5. Bd3 dxc4 6. Bxc4 c5 7. O-O a6 8. Bb3
Nc6 9. Nc3 cxd4 10. exd4 Be7 11. Re1 O-O 12. a4 Qb6 13. Be3 Rd8 14. h3 Na5 15.
Bc2 Nc4 16. Bg5 Qc7 17. Qc1 Ne8 18. Bxe7 Qxe7 19. b3 Nb6 20. a5 Nd5 21. Nxd5
Rxd5 22. Be4 Rb5 23. d5 Nf6 24. dxe6 Bxe6 25. Nd4 Rb4 26. Qb2 Nxe4 27. Rxe4 Qf6
28. Qc3 Rxb3 29. Qe1 Rb2 30. Nxe6 fxe6 31. Rxe6 Qf5 32. Re3 1/2-1/2

[Event "22MCRW_F"]
[Site "?"]
[Date "2010.??.??"]
[Round "?"]
[White "Machotka, Jaroslav"]
[Black "Kuta, Jiri"]
[Result "1/2-1/2"]
[WhiteElo "2200"]
[BlackElo "2410"]
[PlyCount "55"]
[EventDate "2010.??.??"]
[EventType "corr"]
[EventRounds "1"]
[SourceDate "2010.03.27"]

1. e4 e5 2. Nf3 Nc6 3. Bb5 a6 4. Bxc6 dxc6 5. O-O Qd6 6. Na3 b5 7. c3 c5 8. Nc2
Bb7 9. Re1 Ne7 10. a4 b4 11. Qe2 Nc6 12. Ne3 Qe6 13. d3 Bd6 14. Nd5 Ne7 15.
Nxe7 Qxe7 16. Qc2 O-O 17. Be3 a5 18. Rac1 Qd7 19. cxb4 cxb4 20. Red1 Ra6 21.
Nd2 c5 22. Nc4 Re8 23. f3 Bf8 24. b3 Qc7 25. Rf1 f6 26. f4 exf4 27. Bxf4 Qd8
28. Rce1 1/2-1/2

[Event "22MCRW_F"]
[Site "?"]
[Date "2010.??.??"]
[Round "?"]
[White "Valak, Alois"]
[Black "Pravec, Ladislav"]
[Result "1/2-1/2"]
[WhiteElo "2439"]
[BlackElo "2335"]
[PlyCount "72"]
[EventDate "2010.??.??"]
[EventType "corr"]
[EventRounds "1"]
[SourceDate "2010.03.27"]

1. e4 c5 2. Nf3 Nc6 3. d4 cxd4 4. Nxd4 Nf6 5. Nc3 e5 6. Ndb5 d6 7. Bg5 a6 8.
Na3 b5 9. Bxf6 gxf6 10. Nd5 f5 11. Bd3 Be6 12. O-O Bxd5 13. exd5 Ne7 14. Nxb5
Bg7 15. Nc3 e4 16. Bc4 Qc7 17. Qe2 Bxc3 18. bxc3 O-O 19. a4 Qa5 20. Qe3 Rac8
21. Be2 Rxc3 22. Qg5+ Ng6 23. Qxf5 Re8 24. Qd7 Rd8 25. Qb7 Rxc2 26. Bxa6 Rdc8
27. Qb5 R8c5 28. Qe8+ Kg7 29. Bb5 Ne5 30. Rae1 Rxf2 31. Kxf2 Qb6 32. Kg3 Rc3+
33. Kh4 Qd4 34. Rxf7+ Nxf7 35. Rf1 Qxd5 36. Qe7 Rc5 1/2-1/2